[Event "European Youth Chess Championship G16"]
[Site "Prague, Top Hotel Prague"]
[Date "2016.08.24"]
[Round "6.26"]
[White "Lomandong, Noela-Joyce"]
[Black "Silva, Ana Ines Teixeira D"]
[Result "0-1"]
[WhiteElo "1841"]
[BlackElo "1781"]
[PlyCount "78"]
[EventDate "2016.08.18"]

1. Nf3 Nf6 2. g3 c5 3. Bg2 d5 4. O-O g6 5. d4 cxd4 6. Nxd4 Bg7 7. c4 O-O 8. Qb3
Nc6 9. Nxc6 bxc6 10. Nc3 Ba6 11. cxd5 cxd5 12. Rd1 Bc4 13. Qa4 Qb6 14. b3 Ng4
15. e3 Bxc3 16. bxc4 Bxa1 17. cxd5 Nf6 18. Ba3 Be5 19. Bxe7 Rfe8 20. d6 Rxe7
21. dxe7 Re8 22. Qa3 Bb2 23. Qa4 Rxe7 24. Rb1 Rc7 25. Qd1 Rc5 26. a4 Rc4 27.
Bf1 Rb4 28. Bg2 Ne4 29. Qc2 Nc5 30. a5 Qxa5 31. Bf1 Qb6 32. h4 a5 33. h5 Bg7
34. Rc1 Bf8 35. Bc4 a4 36. Qa2 Nb3 37. Rb1 Qc5 38. Bxb3 axb3 39. Rxb3 Qc4 0-1

[Event "European Youth Chess Championship G16"]
[Site "Prague, Top Hotel Prague"]
[Date "2016.08.24"]
[Round "6.27"]
[White "Milovanova, Maria"]
[Black "Ahmadova, Irada"]
[Result "1-0"]
[WhiteElo "2138"]
[BlackElo "1627"]
[PlyCount "105"]
[EventDate "2016.08.18"]

1. d4 Nf6 2. c4 g6 3. Nc3 Bg7 4. e4 d6 5. f3 O-O 6. Be3 Nbd7 7. Nh3 e5 8. d5 a5
9. Qd2 Nc5 10. Nf2 Ne8 11. g4 f5 12. gxf5 gxf5 13. O-O-O f4 14. Bxc5 dxc5 15.
Bh3 Nd6 16. Bxc8 Rxc8 17. Qe2 Qh4 18. Rdg1 Kh8 19. Rg4 Qf6 20. Rhg1 Rg8 21. b3
Bh6 22. Qf1 Rg7 23. Rxg7 Bxg7 24. Qh3 Rg8 25. Rg4 Nf7 26. Nb5 Qd8 27. Qh5 Nh6
28. Rg1 c6 29. dxc6 bxc6 30. Rd1 Qb8 31. Nc3 Rd8 32. Qg5 Rxd1+ 33. Nfxd1 Qd6
34. Qh5 Qg6 35. Qh3 Qe8 36. Na4 Bf8 37. Ndb2 Qg6 38. Qc8 Qg1+ 39. Nd1 Kg7 40.
Qxc6 Qxh2 41. Nxc5 Bxc5 42. Qxc5 Nf7 43. Qxa5 Qe2 44. Qc3 Qxa2 45. c5 Qa3+ 46.
Nb2 Qa6 47. b4 h5 48. c6 Kf6 49. Nd3 Qb5 50. Nxf4 Qf1+ 51. Kb2 h4 52. Nd5+ Ke6
53. c7 1-0

[Event "European Youth Chess Championship G16"]
[Site "Prague, Top Hotel Prague"]
[Date "2016.08.24"]
[Round "6.28"]
[White "Shpanko, Nadiia"]
[Black "Tumova, Anna"]
[Result "1-0"]
[WhiteElo "2102"]
[BlackElo "1787"]
[PlyCount "75"]
[EventDate "2016.08.18"]

1. e4 e6 2. d4 d5 3. Nc3 Nf6 4. Bg5 Be7 5. e5 Nfd7 6. Bxe7 Qxe7 7. f4 a6 8. Nf3
c5 9. dxc5 Nxc5 10. Bd3 Nc6 11. Qd2 Bd7 12. O-O-O b5 13. g4 b4 14. Ne2 Nxd3+
15. cxd3 a5 16. Kb1 Qc5 17. Rc1 Qb6 18. Rxc6 Bxc6 19. Nfd4 Ke7 20. f5 Bb5 21.
Rd1 Qa6 22. Nf4 Rhe8 23. Qe3 g6 24. Nb3 Rac8 25. Qh3 Rh8 26. Nd4 Rce8 27. Qh6
gxf5 28. gxf5 exf5 29. Qg7 Kd8 30. Qxf7 Re7 31. Qxd5+ Bd7 32. e6 Qb6 33. exd7
Rxd7 34. Nde6+ Ke7 35. Qxf5 Kd6 36. Qd5+ Ke7 37. Qe5 Qd6 38. Qxh8 1-0

[Event "European Youth Chess Championship G16"]
[Site "Prague, Top Hotel Prague"]
[Date "2016.08.24"]
[Round "6.29"]
[White "Khristenko, Anna"]
[Black "Ciocan, Maria-Alexandra"]
[Result "1-0"]
[WhiteElo "1957"]
[BlackElo "1742"]
[PlyCount "121"]
[EventDate "2016.08.18"]

1. Nf3 c5 2. g3 Nc6 3. Bg2 e5 4. d3 g6 5. O-O Bg7 6. e4 Nge7 7. Nbd2 O-O 8. a4
d6 9. Nc4 h6 10. Bd2 f5 11. c3 Be6 12. exf5 gxf5 13. Nh4 d5 14. Na3 Qd7 15. Qe2
Rae8 16. Rae1 Rf6 17. Nc2 Ng6 18. Nxg6 Rxg6 19. b4 b6 20. b5 Nd8 21. c4 d4 22.
a5 e4 23. axb6 axb6 24. Bf4 Qf7 25. Na3 exd3 26. Qxd3 Kh8 27. Bf3 Rf6 28. Be5
Nb7 29. Bc6 Re7 30. Bxf6 Bxf6 31. Qf3 Na5 32. Bd5 Bg7 33. Bxe6 Rxe6 34. Qd5 Rf6
35. Qxf7 Rxf7 36. Re6 Rf6 37. Rfe1 d3 38. Rxf6 Bxf6 39. Rd1 Bb2 40. Rxd3 Bxa3
41. Rxa3 Nxc4 42. Ra6 Kg7 43. Kf1 Kf6 44. Ke2 h5 45. f4 Ke6 46. Kd3 Kd5 47. Ra8
Nd6 48. Rd8 c4+ 49. Kc2 Kc5 50. Rh8 Nxb5 51. Rxh5 Nd4+ 52. Kd2 b5 53. Rh8 b4
54. Rc8+ Kd5 55. h4 c3+ 56. Kd3 Nb5 57. Rb8 Na3 58. Rxb4 c2 59. Kd2 Kc5 60. Rb8
Kc4 61. Ra8 1-0

[Event "European Youth Chess Championship G16"]
[Site "Prague, Top Hotel Prague"]
[Date "2016.08.24"]
[Round "6.30"]
[White "Markocic, Spela"]
[Black "Golub, Nikolina"]
[Result "0-1"]
[WhiteElo "1680"]
[BlackElo "1870"]
[PlyCount "124"]
[EventDate "2016.08.18"]

1. e4 c5 2. Nf3 e6 3. d4 cxd4 4. Nxd4 Nc6 5. Nc3 Qc7 6. Be3 a6 7. Bd3 Bb4 8.
O-O Nf6 9. a3 Bxc3 10. bxc3 Na5 11. Qd2 Nc4 12. Bxc4 Qxc4 13. Qd3 Qc7 14. f4 d6
15. Rfd1 b5 16. Ne2 Bb7 17. Qxd6 Qxd6 18. Rxd6 Nxe4 19. Rb6 Bd5 20. Bd4 Nd2 21.
Be5 O-O 22. Rd6 Nc4 23. Rd7 Ne3 24. Nd4 g6 25. g3 Rfc8 26. a4 Bc4 27. axb5 axb5
28. Raa7 Rxa7 29. Rxa7 Nd5 30. Nc6 f6 31. Bxf6 Rxc6 32. Be5 b4 33. cxb4 Nxb4
34. Ra8+ Kf7 35. Ra7+ Ke8 36. Ra8+ Kd7 37. Ra7+ Kd8 38. Rxh7 Nxc2 39. Rh8+ Kd7
40. Rh7+ Kc8 41. Rg7 Bd3 42. Rg8+ Kb7 43. Rb8+ Ka6 44. Rb3 Bf5 45. Rb2 Ne1 46.
Bf6 Rc1 47. Ra2+ Kb5 48. Kf2 Nd3+ 49. Ke3 Re1+ 50. Re2 Rh1 51. Kf3 Rf1+ 52. Kg2
Rc1 53. Kf3 Rf1+ 54. Kg2 Rb1 55. Kf3 Rb3 56. Kg2 Kc4 57. Rc2+ Kd5 58. Rd2 Kc4
59. Rc2+ Kb5 60. Re2 Bh3+ 61. Kf3 Ne5+ 62. Ke4 Nc4 0-1

[Event "European Youth Chess Championship G16"]
[Site "Prague, Top Hotel Prague"]
[Date "2016.08.24"]
[Round "6.31"]
[White "Buchta, Agnieszka"]
[Black "Ambrozova, Lucie"]
[Result "1-0"]
[WhiteElo "1599"]
[BlackElo "1862"]
[PlyCount "111"]
[EventDate "2016.08.18"]

1. e4 c5 2. Nf3 d6 3. d4 cxd4 4. Qxd4 Nc6 5. Bb5 Bd7 6. Bxc6 Bxc6 7. Nc3 Nf6 8.
Bg5 e5 9. Qd3 Qa5 10. Bxf6 gxf6 11. O-O O-O-O 12. Rfd1 Rg8 13. Nd5 Bxd5 14.
Qxd5 Qxd5 15. Rxd5 Rg4 16. Re1 f5 17. exf5 Rf4 18. Red1 Rxf5 19. Nd4 Rf6 20.
Nf3 Be7 21. Nd2 Rg6 22. Nc4 Rdg8 23. g3 Rd8 24. Ne3 $11 Bf8 25. Nc4 Re6 26. a4
f6 27. a5 Kd7 28. b3 Rc8 29. R1d3 Rc6 30. Rd1 Re8 31. Ra1 Rec8 32. Kf1 Rc5 33.
Rad1 Rxd5 34. Rxd5 Rc5 35. Rxc5 dxc5 36. Ke2 Kc6 37. Kd3 Be7 38. Ke4 Bd8 39.
Kf5 Kd5 40. c3 Kc6 41. Ke6 Kb5 42. Nd6+ Ka6 43. b4 cxb4 44. cxb4 Bc7 45. Ne8
Bxa5 46. bxa5 Kxa5 47. Nxf6 b5 48. Ne4 b4 49. f4 b3 50. Kxe5 b2 51. Nc3 Kb4 52.
Kd4 a5 53. f5 a4 54. f6 a3 55. f7 Kb3 56. f8=Q 1-0

[Event "European Youth Chess Championship G16"]
[Site "Prague, Top Hotel Prague"]
[Date "2016.08.24"]
[Round "6.32"]
[White "Gailiunaite, Saule"]
[Black "Kopcova, Ludmila"]
[Result "1-0"]
[WhiteElo "1844"]
[BlackElo "1738"]
[PlyCount "123"]
[EventDate "2016.08.18"]

1. d4 Nf6 2. c4 e6 3. Nc3 Bb4 4. Qc2 O-O 5. a3 Bxc3+ 6. Qxc3 d5 7. Nf3 dxc4 8.
Qxc4 Nc6 9. Bg5 Qd5 10. e3 Qxc4 11. Bxc4 Ne7 12. O-O Ned5 13. Rfe1 h6 14. Bh4
Ne4 15. Bd3 Ndf6 16. Ne5 g5 17. f3 Nd6 18. Bf2 Nd7 19. Rac1 c6 20. e4 f6 21.
Ng4 h5 22. Ne3 Nb6 23. h4 Bd7 24. e5 fxe5 25. dxe5 Nf7 26. Bg6 Nxe5 27. Bxh5
Nd3 28. hxg5 Nxc1 29. Rxc1 Nd5 30. Nxd5 exd5 31. Re1 Be8 32. Bg4 Bf7 33. Re7
Rfe8 34. Rxb7 Rab8 35. Rxa7 Rxb2 36. Bd7 Rd8 37. g6 Rxd7 38. Rxd7 Rb1+ 39. Kh2
Bxg6 40. a4 Bd3 41. a5 Rb2 42. Rg7+ Kf8 43. Bc5+ Ke8 44. f4 Ra2 45. Bb6 Kf8 46.
Rg5 Kf7 47. Kh3 Bf1 48. f5 Ra4 49. Kg3 d4 50. Rg4 c5 51. f6 Bb5 52. Bxc5 d3 53.
Rxa4 Bxa4 54. Be3 Kxf6 55. Kf4 Bb5 56. g4 Ba6 57. g5+ Kg6 58. Ke5 Bb7 59. Kd6
Kf5 60. Kc7 Be4 61. a6 Ke6 62. a7 1-0

[Event "European Youth Chess Championship G16"]
[Site "Prague, Top Hotel Prague"]
[Date "2016.08.24"]
[Round "6.33"]
[White "Yurovskikh, Yasmin"]
[Black "Markova, Ralitca"]
[Result "1-0"]
[WhiteElo "1842"]
[BlackElo "1581"]
[PlyCount "111"]
[EventDate "2016.08.18"]

1. e4 d5 2. exd5 Qxd5 3. d4 Nf6 4. c4 Qa5+ 5. Nc3 Bg4 6. Be2 Bf5 7. Nf3 c6 8.
O-O e6 9. Nh4 Bg6 10. Bf3 Bb4 11. Nxg6 hxg6 12. d5 Bxc3 13. bxc3 Qxc3 14. dxc6
Qe5 15. g3 Nxc6 16. Bf4 Qc5 17. Rb1 Rd8 18. Qa4 O-O 19. Be3 Nd4 20. Bxb7 Ne2+
21. Kh1 Qh5 22. Qb5 Qxb5 23. Rxb5 Nc3 24. Ra5 Rd7 25. Bg2 Rc8 26. c5 Rdc7 27.
Rc1 Ncd5 28. Bd4 Nd7 29. f4 Kh7 30. Bf1 Nb8 31. Be5 Rb7 32. Ba6 Nxa6 33. Rxa6
Nb4 34. Ra3 Nc6 35. Bd6 Kh6 36. Rac3 Kh5 37. Rb3 Kg4 38. Rxb7 Nd4 39. Rc3 Nf5
40. Rd3 Nxd6 41. Rxd6 Rxc5 42. Rb2 Kh3 43. Rd1 g5 44. fxg5 Rxg5 45. Rb4 Rh5 46.
Rd3 Rh7 47. Rh4+ Rxh4 48. gxh4+ Kxh4 49. Rd7 f6 50. Rxg7 Kh5 51. Kg1 e5 52. Kf2
f5 53. Kf3 a6 54. a4 a5 55. Ke3 Kh6 56. Re7 1-0

[Event "European Youth Chess Championship G16"]
[Site "Prague, Top Hotel Prague"]
[Date "2016.08.24"]
[Round "6.34"]
[White "Novotna, Tereza"]
[Black "Vlkova, Anezka"]
[Result "0-1"]
[WhiteElo "1566"]
[BlackElo "1823"]
[PlyCount "68"]
[EventDate "2016.08.18"]

1. d4 d5 2. c4 e6 3. Nc3 Nf6 4. Bg5 Be7 5. Nf3 Nbd7 6. e3 h6 7. Bh4 O-O 8. Rc1
b6 9. cxd5 exd5 10. Bd3 Bb7 11. O-O Ne4 12. Bxe7 Qxe7 13. Qe2 c5 14. dxc5 bxc5
15. Ba6 Ndf6 16. Rfd1 Rab8 17. Bxb7 Qxb7 18. b3 Rfe8 19. Qc2 Rbc8 20. Nd2 Nxf2
21. Nc4 Nxd1 22. Nd6 Qe7 23. Nxe8 Qxe3+ 24. Kf1 Ng4 25. Nf6+ gxf6 26. Qe2 Nxh2+
27. Ke1 Qxc1 28. Nxd1 Kf8 29. Kf2 Qf4+ 30. Kg1 Re8 31. Qf2 Qxf2+ 32. Nxf2 Re2
33. a3 c4 34. bxc4 dxc4 0-1

[Event "European Youth Chess Championship G16"]
[Site "Prague, Top Hotel Prague"]
[Date "2016.08.24"]
[Round "6.35"]
[White "Nass, Sara"]
[Black "Vavrinkova, Eliska"]
[Result "1-0"]
[WhiteElo "1814"]
[BlackElo "1716"]
[PlyCount "89"]
[EventDate "2016.08.18"]

1. e4 e5 2. Nf3 Nf6 3. Nxe5 d6 4. Nf3 Nxe4 5. Be2 Be7 6. O-O O-O 7. d3 Nf6 8.
b3 d5 9. Bb2 c5 10. d4 Nc6 11. dxc5 Bxc5 12. Nc3 a6 13. Qd2 Ne4 14. Nxe4 dxe4
15. Qc3 Qf6 16. Qxf6 gxf6 17. Nd2 f5 18. Kh1 Bd4 19. c3 Bg7 20. Nc4 b5 21. Ne3
Rd8 22. Rad1 Be6 23. Rxd8+ Rxd8 24. Rd1 Rxd1+ 25. Nxd1 Ne5 26. Kg1 f4 27. f3
exf3 28. gxf3 Bd5 29. Kf2 Kf8 30. Bc1 Ng6 31. Ba3+ Ke8 32. Bb4 Kd7 33. Nb2 Kc6
34. Ba5 Ne5 35. Nd3 Kd6 36. Nxf4 Nc6 37. Bc7+ Kxc7 38. Nxd5+ Kd6 39. c4 bxc4
40. Bxc4 Na5 41. Ke3 Kc5 42. Kd3 Nxc4 43. bxc4 h6 44. h3 Bd4 45. Nc7 1-0

[Event "European Youth Chess Championship G16"]
[Site "Prague, Top Hotel Prague"]
[Date "2016.08.24"]
[Round "6.36"]
[White "Nazarova, Anastasia"]
[Black "Litvjakova, Darija"]
[Result "1-0"]
[WhiteElo "2006"]
[BlackElo "1597"]
[PlyCount "123"]
[EventDate "2016.08.18"]

1. e4 c6 2. d4 d5 3. Nc3 dxe4 4. Nxe4 Bf5 5. Ng3 Bg6 6. Nh3 Nf6 7. Bc4 e6 8.
O-O Be7 9. Nf4 O-O 10. c3 Nd5 11. Re1 Nxf4 12. Bxf4 Nd7 13. Qf3 Qb6 14. Qe2 Bf6
15. Rad1 Rfe8 16. Be3 Qc7 17. Qg4 Qd8 18. Bf4 Nb6 19. Bf1 Nd5 20. Be5 Qb6 21.
Rd2 Rad8 22. Nh5 Bxe5 23. Rxe5 Bxh5 24. Qxh5 Nf6 25. Qh4 Rd7 26. Bd3 h6 27. Re3
Red8 28. Rg3 Kf8 29. Qf4 Nh5 30. Qe4 Nxg3 31. hxg3 g6 32. Qf4 Kg7 33. Qe5+ Kh7
34. Re2 Rg8 35. Bc4 Qc7 36. Qf6 Qd8 37. Qf4 Qg5 38. Qe4 Qf5 39. Qe3 c5 40. dxc5
Rd1+ 41. Re1 Rxe1+ 42. Qxe1 Qxc5 43. Bb3 Rd8 44. Qe2 Qd6 45. Qe3 b6 46. Qf3 Qe7
47. Qe2 Rc8 48. Qd3 Rc5 49. Qe3 Qg5 50. Qe1 Re5 51. Qd1 Qe7 52. g4 Qh4 53. Bc4
Qe7 54. g3 Qc7 55. Bb3 h5 56. gxh5 Rxh5 57. Qf3 Rf5 58. Qe4 Qc5 59. Qe2 Qc6 60.
Bc2 Rh5 61. Qxh5+ Kg7 62. Qe5+ 1-0

[Event "European Youth Chess Championship G16"]
[Site "Prague, Top Hotel Prague"]
[Date "2016.08.24"]
[Round "6.37"]
[White "Blond Hanten, Elsa"]
[Black "Zach, Asif"]
[Result "1/2-1/2"]
[WhiteElo "1731"]
[BlackElo "1569"]
[PlyCount "65"]
[EventDate "2016.08.18"]

1. e4 c5 2. Nf3 g6 3. d4 cxd4 4. Nxd4 Bg7 5. c4 Nc6 6. Be3 Nf6 7. Nc3 O-O 8.
Be2 d6 9. f3 Bd7 10. Qd2 a5 11. O-O Nxd4 12. Bxd4 Bc6 13. Rfd1 Nd7 14. Bxg7
Kxg7 15. Qd4+ Kg8 16. Rac1 Qb6 17. Qxb6 Nxb6 18. Rc2 Nd7 19. a3 a4 20. Bf1 h5
21. Ne2 Nc5 22. Nd4 Rfc8 23. Re1 f6 24. Rc3 Kg7 25. Rce3 Be8 26. Rb1 Bf7 27.
Rc1 Nd7 28. Rec3 Rc5 29. Nc2 Rac8 30. Ne3 Ne5 31. Be2 R8c6 32. Kf2 Rb6 33. R1c2
1/2-1/2

[Event "European Youth Chess Championship G16"]
[Site "Prague, Top Hotel Prague"]
[Date "2016.08.24"]
[Round "6.38"]
[White "Manitcaia, Alina"]
[Black "Vitova, Anna"]
[Result "0-1"]
[WhiteElo "1496"]
[BlackElo "1727"]
[PlyCount "60"]
[EventDate "2016.08.18"]

1. d4 Nf6 2. c4 e6 3. Nc3 Bb4 4. Nf3 b6 5. g3 Ba6 6. Qa4 Bxc3+ 7. bxc3 Bb7 8.
Bg2 O-O 9. O-O d5 10. Bg5 Nbd7 11. Ne5 Qc8 12. Nc6 Re8 13. f4 h6 14. Bxf6 Nxf6
15. Ne5 c5 16. Qc2 dxc4 17. Nxc4 Bxg2 18. Kxg2 cxd4 19. cxd4 b5 20. Na3 Qb7+
21. Kg1 Nd5 22. Qd3 a6 23. e4 Nf6 24. Rae1 Rac8 25. e5 Nd5 26. f5 Rc3 27. Qd2
Rxa3 28. f6 g5 29. Re4 Rxa2 30. Qd1 Nc3 0-1

[Event "European Youth Chess Championship G16"]
[Site "Prague, Top Hotel Prague"]
[Date "2016.08.24"]
[Round "6.39"]
[White "Bierska, Adela"]
[Black "Smajzrova, Veronika"]
[Result "1-0"]
[WhiteElo "1722"]
[BlackElo "1442"]
[PlyCount "127"]
[EventDate "2016.08.18"]

1. e4 d5 2. exd5 Nf6 3. c4 e6 4. dxe6 Bxe6 5. Nf3 Be7 6. d4 c6 7. Bd3 O-O 8.
O-O Nbd7 9. Nc3 Nb6 10. b3 Qc7 11. Bg5 Rad8 12. Qc2 g6 13. Bh6 Rfe8 14. Rfe1
Ng4 15. Bd2 Bf8 16. Bg5 Be7 17. h3 Bxg5 18. Nxg5 Nf6 19. Nxe6 Rxe6 20. Rxe6
fxe6 21. Re1 Rxd4 22. Rxe6 Kf7 23. Re3 Nbd7 24. Ne2 Rd6 25. c5 Re6 26. Bc4 Nd5
27. Rxe6 Kxe6 28. Qe4+ Qe5 29. Nf4+ Kf6 30. Bxd5 cxd5 31. Nxd5+ Ke6 32. Nc7+
Kf6 33. Qxb7 Qxc5 34. Nd5+ Ke6 35. Nf4+ Kd6 36. Qa6+ Qc6 37. Qd3+ Kc7 38. Ne2
Qd6 39. Qc4+ Kd8 40. Nd4 Ke8 41. Kf1 Kf8 42. Ke2 Qe5+ 43. Kd1 Qd6 44. Kc2 Qf6
45. Qb4+ Ke8 46. Qe1+ Kf7 47. Qe3 Ne5 48. Nf3 Nc6 49. Qc3 Qf5+ 50. Kb2 Ne7 51.
Qd4 a5 52. Qe5 Qxe5+ 53. Nxe5+ Ke6 54. Nc4 Nc6 55. Ka3 Kd5 56. Ka4 Nb4 57. a3
Nd3 58. Kxa5 Kc5 59. Nd2 Nb2 60. b4+ Kc6 61. Ka6 Na4 62. b5+ Kc7 63. Nc4 Nc5+
64. Ka7 1-0

[Event "European Youth Chess Championship G16"]
[Site "Prague, Top Hotel Prague"]
[Date "2016.08.24"]
[Round "6.40"]
[White "Garcia, Megan Alyssa"]
[Black "Espinosa, Cancino Monica"]
[Result "1/2-1/2"]
[WhiteElo "1592"]
[BlackElo "1682"]
[PlyCount "47"]
[EventDate "2016.08.18"]

1. e4 c5 2. c3 Nf6 3. e5 Nd5 4. d4 cxd4 5. cxd4 Nc6 6. Nf3 d6 7. Bc4 dxe5 8.
dxe5 Nb6 9. Qxd8+ Nxd8 10. Bb3 e6 11. O-O Bd7 12. Nc3 Bc6 13. Nd4 Bb4 14. Be3
Bxc3 15. bxc3 Nd7 16. f4 O-O 17. Nxc6 Nxc6 18. Rad1 Rfd8 19. Rd6 Nf8 20. Rfd1
Rdc8 21. c4 Ne7 22. g4 b6 23. Rc1 Rc7 24. Rcd1 $11 1/2-1/2

[Event "European Youth Chess Championship G16"]
[Site "Prague, Top Hotel Prague"]
[Date "2016.08.24"]
[Round "6.41"]
[White "Urbanc, Ana"]
[Black "Koljevic, Nikolina"]
[Result "1-0"]
[WhiteElo "1681"]
[BlackElo "1509"]
[PlyCount "115"]
[EventDate "2016.08.18"]

1. e4 c5 2. Nf3 e6 3. d4 cxd4 4. Nxd4 Nf6 5. Nc3 Nc6 6. Ndb5 Bb4 7. a3 Bxc3+ 8.
Nxc3 d5 9. exd5 exd5 10. Bd3 O-O 11. O-O d4 12. Ne2 Bg4 13. h3 Bh5 14. Qd2 Qb6
15. Nf4 Bg6 16. Nxg6 hxg6 17. b3 Rfe8 18. Bb2 Rad8 19. Rfe1 Nd7 20. Be4 Nc5 21.
Bxc6 Rxe1+ 22. Rxe1 bxc6 23. Bxd4 Nxb3 24. Bxb6 Rxd2 25. cxb3 axb6 26. Re8+ Kh7
27. Re3 Ra2 28. a4 c5 29. Kf1 Kh6 30. g3 Rb2 31. Kg2 g5 32. Rf3 Kg6 33. g4 f6
34. Kg3 Rb1 35. Rd3 Rg1+ 36. Kf3 Rb1 37. Ke4 c4 38. bxc4 Rb4 39. Kd5 Rxa4 40.
Rb3 Ra5+ 41. Kd4 Ra6 42. Rb4 Kf7 43. Kd5 Ke7 44. Kc6 Ra2 45. Kxb6 Rxf2 46. c5
Kd8 47. Kb7 Rc2 48. c6 Rc1 49. Rd4+ Ke8 50. Kc7 Ke7 51. Re4+ Kf7 52. Kd6 Rd1+
53. Kc5 Rc1+ 54. Rc4 Rxc4+ 55. Kxc4 Ke7 56. Kc5 Kd8 57. Kd6 g6 58. Ke6 1-0

[Event "European Youth Chess Championship G16"]
[Site "Prague, Top Hotel Prague"]
[Date "2016.08.24"]
[Round "6.42"]
[White "Nepomnyaschaya, Mariya"]
[Black "Daliga, Anita"]
[Result "1/2-1/2"]
[WhiteElo "1569"]
[BlackElo "1638"]
[PlyCount "90"]
[EventDate "2016.08.18"]

1. e4 c6 2. d3 d5 3. Nd2 Nd7 4. g3 Ngf6 5. Bg2 dxe4 6. dxe4 e6 7. Ngf3 Bc5 8.
O-O O-O 9. c3 h6 10. Qc2 e5 11. Nc4 Qc7 12. h3 b5 13. Ne3 Re8 14. Nf5 Nf8 15.
N3h4 Be6 16. b3 Rad8 17. Bd2 Bb6 18. Qc1 Bxf5 19. Nxf5 Ne6 20. Qc2 c5 21. Rad1
a5 22. a3 Ba7 23. Kh1 Qb6 24. Be3 Qc7 25. Qe2 b4 26. axb4 axb4 27. cxb4 cxb4
28. Rc1 Qb8 29. Rfd1 Bxe3 30. Qxe3 h5 31. Qe1 g6 32. Ne3 Rxd1 33. Rxd1 Rc8 34.
Rc1 Rxc1 35. Qxc1 Nd4 36. Qc4 Qb5 37. Qxb5 Nxb5 38. Nd5 Nxd5 39. exd5 Kf8 40.
Bf1 Nd6 41. Kg2 Ke7 42. Kf3 Kf6 43. Ke3 Kg5 44. Be2 Kf6 45. Bd3 Kg5 1/2-1/2

[Event "European Youth Chess Championship G16"]
[Site "Prague, Top Hotel Prague"]
[Date "2016.08.24"]
[Round "6.43"]
[White "Smith, Sarah E"]
[Black "Manova, Ivana"]
[Result "0-1"]
[WhiteElo "1478"]
[BlackElo "1792"]
[PlyCount "98"]
[EventDate "2016.08.18"]

1. Nf3 Nf6 2. c4 d6 3. Nc3 g6 4. e4 e5 5. d4 Nbd7 6. Be2 Bg7 7. O-O O-O 8. d5
Nc5 9. Qc2 Nh5 10. b4 Na6 11. a3 f5 12. g3 f4 13. Bd2 Rf7 14. Kg2 Qe7 15. Nh4
Qd7 16. g4 f3+ 17. Bxf3 Rxf3 18. Kh1 Rh3 19. Rg1 Rxh4 20. gxh5 Qh3 21. Rg2 Bg4
22. Kg1 Bf3 23. Rg3 Qxh2+ 24. Kf1 Qh1+ 25. Rg1 Qh3+ 26. Ke1 Rxh5 27. Qd3 Rf8
28. Rg3 Qh1+ 29. Qf1 Bxe4 30. Rg1 Qxg1 31. Qxg1 Rh1 32. Qxh1 Bxh1 33. Ke2 Bf3+
34. Kd3 e4+ 35. Ke3 Bh6+ 36. Kd4 Bxd2 37. Ra2 Bxc3+ 38. Kxc3 c6 39. dxc6 bxc6
40. b5 cxb5 41. cxb5 Nc5 42. Kc4 Na4 43. Kb4 Rf4 44. Ka5 Nc5 45. b6 axb6+ 46.
Kxb6 Na4+ 47. Ka5 Kf7 48. Rd2 Ke6 49. Rd4 e3 0-1

[Event "European Youth Chess Championship G16"]
[Site "Prague, Top Hotel Prague"]
[Date "2016.08.24"]
[Round "6.44"]
[White "Pellicoro, Nathalie"]
[Black "Karatiken, Seray"]
[Result "1/2-1/2"]
[WhiteElo "1832"]
[BlackElo "1489"]
[PlyCount "63"]
[EventDate "2016.08.18"]

1. e4 c5 2. Nc3 Nc6 3. f4 g6 4. Nf3 Bg7 5. Bb5 Nd4 6. O-O a6 7. Bd3 d6 8. Nxd4
cxd4 9. Ne2 e6 10. b3 Ne7 11. Bb2 Qb6 12. Qe1 f5 13. Qf2 e5 14. c3 fxe4 15.
Bxe4 d5 16. Bc2 O-O 17. cxd4 exf4 18. Ba3 Rf7 19. Bc5 Qd8 20. Qh4 b6 21. Bxe7
Qxe7 22. Qxe7 Rxe7 23. Rae1 g5 24. h3 Bd7 25. Bd3 Bb5 26. Bxb5 axb5 27. Nc3
Bxd4+ 28. Kh2 Rxe1 29. Rxe1 Bf2 30. Rc1 Rc8 31. Rf1 Bg3+ 32. Kg1 1/2-1/2

[Event "European Youth Chess Championship G16"]
[Site "Prague, Top Hotel Prague"]
[Date "2016.08.24"]
[Round "6.45"]
[White "Condes, Alexie Sheen"]
[Black "Mutlu, Beste"]
[Result "0-1"]
[WhiteElo "1469"]
[BlackElo "1759"]
[PlyCount "60"]
[EventDate "2016.08.18"]

1. e4 c5 2. Nf3 d6 3. d4 cxd4 4. Nxd4 Nf6 5. Nc3 g6 6. f3 Bg7 7. Be3 a6 8. Qd2
Nbd7 9. O-O-O b5 10. Nc6 Qc7 11. Nb4 Bb7 12. Kb1 Rc8 13. a3 Nc5 14. Rc1 Qa5 15.
Bd4 Ne6 16. Be2 Nxd4 17. Qxd4 O-O 18. Qe3 Rfe8 19. Nba2 Nd7 20. Nd5 e6 21. Nf4
Bh6 22. g4 e5 23. g5 Bxg5 24. b4 Qa4 25. Qb3 Qxb3+ 26. cxb3 Bxf4 27. Rcg1 d5
28. Bd3 dxe4 29. fxe4 Nf6 30. Re1 Red8 0-1

[Event "European Youth Chess Championship G16"]
[Site "Prague, Top Hotel Prague"]
[Date "2016.08.25"]
[Round "7.1"]
[White "Dimitrova, Aleksandra"]
[Black "Avramidou, Anastasia"]
[Result "1/2-1/2"]
[WhiteElo "2259"]
[BlackElo "2244"]
[PlyCount "114"]
[EventDate "2016.08.18"]

1. e4 g6 2. d4 Bg7 3. Nc3 c6 4. Nf3 d6 5. Bd3 Nf6 6. O-O O-O 7. h3 b5 8. a3 Qc7
9. Ne2 Bb7 10. c3 Nbd7 11. Be3 e5 12. Nd2 d5 13. f4 exd4 14. Bxd4 dxe4 15. Nxe4
c5 16. Nxf6+ Nxf6 17. Be5 Qc6 18. Rf2 Rfd8 19. Qb1 a6 20. Ng3 Qe6 21. Qf1 c4
22. Bc2 Re8 23. Re2 Qb6+ 24. Bd4 Qc6 25. Rae1 Rxe2 26. Rxe2 Re8 27. Rxe8+ Nxe8
28. Ne2 Qe6 29. f5 Bxd4+ 30. Nxd4 Qe3+ 31. Qf2 Qc1+ 32. Kh2 g5 33. Qg3 Qd2 34.
f6 Qf4 35. Qxf4 gxf4 36. g3 fxg3+ 37. Kxg3 Nxf6 38. a4 bxa4 39. Bxa4 Ne4+ 40.
Kh2 Kf8 41. Bc2 Ke7 42. Bxe4 Bxe4 43. Kg3 Kd6 44. Kf4 Bd3 45. h4 f6 46. Nf3 a5
47. Nd4 Kd5 48. Nf3 Kc5 49. Nd4 a4 50. Ke3 Kb6 51. Kf4 a3 52. bxa3 Ka5 53. Ke3
Ka4 54. Kd2 Kxa3 55. Ne6 Be4 56. Nf4 Bf3 57. Ke3 Kb3 1/2-1/2

[Event "European Youth Chess Championship G16"]
[Site "Prague, Top Hotel Prague"]
[Date "2016.08.25"]
[Round "7.2"]
[White "Sieber, Fiona"]
[Black "Tsolakidou, Stavroula"]
[Result "1-0"]
[WhiteElo "2173"]
[BlackElo "2363"]
[PlyCount "89"]
[EventDate "2016.08.18"]

1. e4 c5 2. Nf3 d6 3. d4 cxd4 4. Nxd4 Nf6 5. Nc3 a6 6. Be3 e5 7. Nb3 Be7 8. f3
Be6 9. Qd2 O-O 10. O-O-O a5 11. a4 Nc6 12. g4 Nb4 13. Kb1 Qc7 14. g5 Nh5 15.
Bb5 f5 16. h4 Rac8 17. Rhg1 f4 18. Bf2 Rfd8 19. Qe2 d5 20. exd5 Nxd5 21. Rd3
Nb4 22. Rxd8+ Rxd8 23. Re1 Bf5 24. Ne4 Ng3 25. Bxg3 fxg3 26. Rg1 Rc8 27. c3 Nd5
28. Rxg3 Nxc3+ 29. bxc3 Qxc3 30. Ka2 Qb4 31. Qb2 Be6 32. Rg2 Rf8 33. Ned2 Rd8
34. Ka1 e4 35. fxe4 g6 36. Kb1 Bf8 37. Nc1 Qd6 38. Bc4 Bg7 39. Bxe6+ Kh8 40.
Qb3 Qd4 41. Nd3 Qe3 42. Bc4 Rf8 43. Kc2 Bd4 44. Rf2 Rd8 45. Qxb7 1-0

[Event "European Youth Chess Championship G16"]
[Site "Prague, Top Hotel Prague"]
[Date "2016.08.25"]
[Round "7.3"]
[White "Tishova, Svetlana"]
[Black "Garcia, Martin Marta"]
[Result "1/2-1/2"]
[WhiteElo "2012"]
[BlackElo "2229"]
[PlyCount "138"]
[EventDate "2016.08.18"]

1. e4 e5 2. Nf3 Nc6 3. d4 exd4 4. Nxd4 Nf6 5. Nc3 Bb4 6. Nxc6 bxc6 7. Bd3 O-O
8. O-O Re8 9. Qf3 Bd6 10. Bf4 Bxf4 11. Qxf4 d6 12. Rfe1 Nd7 13. Qg3 Rb8 14. b3
Qf6 15. Na4 Ne5 16. Rad1 Ng6 17. Bf1 Bb7 18. Qc3 Re5 19. g3 Qg5 20. Bg2 Re7 21.
f4 Qh5 22. Qf3 Qh6 23. Qf2 c5 24. e5 Bxg2 25. Kxg2 dxe5 26. f5 Nf8 27. Qxc5
Rbe8 28. Nc3 Nd7 29. Qxc7 Nf6 30. Qc6 Qg5 31. Qf3 e4 32. Qf4 Qxf4 33. gxf4 Rc8
34. Re3 h5 35. Rd2 Rec7 36. Nxe4 Nxe4 37. Rxe4 Rxc2 38. Red4 R8c5 39. Kf3 Rxd2
40. Rxd2 Rxf5 41. Ke4 Rf6 42. Rd8+ Kh7 43. Rd7 Ra6 44. a4 Rb6 45. Rd3 Kg6 46.
Ke5 f6+ 47. Ke4 Rb4+ 48. Kf3 Kf5 49. Rd5+ Ke6 50. Rxh5 Rxb3+ 51. Kg4 Rb4 52.
Ra5 g5 53. Ra6+ Kf7 54. Rxa7+ Kg6 55. a5 Rxf4+ 56. Kg3 Ra4 57. a6 Ra3+ 58. Kf2
Kf5 59. Ra8 Kf4 60. Ke2 f5 61. a7 Kg4 62. Kf2 Kf4 63. Ke2 Ra2+ 64. Kd3 Kg4 65.
h3+ Kf3 66. Rf8 Ra3+ 67. Kd2 Rxa7 68. Rxf5+ Kg3 69. Rxg5+ Kxh3 1/2-1/2